LEADER 01086cam2 22002771 450 001 SOBE00019042 005 20111103172225.0 100 $a20111025d1971 |||||ita|0103 ba 101 $aspa 102 $aES 200 0 $a2 210 $aMadrid$cAtlas$d1971 215 $a312 p.$c1 ill.$d26 cm 225 2 $aBiblioteca de autores espaņoles$h(continuacion)$v245 410 1$1001SOBE00018834$12001 $a*Biblioteca de autores espaņoles. (continuacion)$v245 461 1$1001SOBE00019037$12001 $aCronica de la nueva Espaņa / Francisco Cervantes de Salazar ; edicion de Manuel Magallon ; estudio preliminar e indices por Augustin Millares Carlo 700 1$aCervantes de Salazar$b, Francisco$3SOBA00001348$4070$0196915 801 0$aIT$bUNISOB$c20111103$gRICA 850 $aUNISOB 852 $aUNISOB$j860|Coll|1|K$m20332 912 $aSOBE00019042 940 $aM 102 Monografia moderna SBN 941 $aW 957 $a860|Coll|1|K$b000023$i-2$gSI$d20332$racquisto$tI$1vittorini$2UNISOB$3UNISOB$420111025142239.0$520120509123139.0$6vittorini 996 $a2$91721105 997 $aUNISOB